000 01028nam0a22002891 4500
001 RU\INFOCOMM_322\NLR\5000099691
005 20250613104828.0
035 _a(NLR Aleph) 009514839
090 _a8789664
_c8789664
100 _a20121210d1977 |||y0rusy50 ca
101 0 _afre
102 _aRU
105 _ay z |||||
200 1 _aL'enseignement secondaire en URSS
_fMikhaïl Kondakov, ... mem. corr. de l'Acad. des sciences péd. de l'URSS
210 _aM.
_cÉd. de l'Agence de presse "Novosti"
_d1977
215 _a32 с., 8 л. ил.
_cил.
_d21 см
300 _aНа обл. авт. не указан
300 _aНа обороте тит. л.: М. Кондаков. Советская средняя школа
620 _aМосква
686 _aЧ424(2)714.3
_2rubbk
700 1 _9z01790
_aKondakov
_bM. I.
_gMichail Ivanovič
790 1 _9z01700
_aKondakov
_bM.
_gMikhaïl
_4070
801 1 _aRU
_bNLR
_c20121210
801 0 _aRU
_bINFOCOMM
_gPSBO
852 _aNLR
_jПр21 Д-4/108
942 _cBOOK
980 _aNB